000 00520nam a2200193Ia 4500
005 20250508163845.0
008 008 250505s9999 xx 000 0 eng d
020 _a81-7273-043-8
037 _aTextual
040 _aFEDL
_beng
_cFEDL
041 _aeng
_2eng
084 _a371.76, SIN
_qFEDL
100 _aS P Singh
245 0 _aSex education : Aids and sexuality
260 _aDelhi, India
_bAuthors Press
_c2001
300 _avi,265p
942 _cTEXL
_h371.76, SIN
999 _c1385637
_d1385637